| 000 | nam a22 7a 4500 | ||
|---|---|---|---|
| 999 |
_c330831 _d330831 |
||
| 003 | NUST | ||
| 005 | 20170811111457.0 | ||
| 008 | 170811b xxu||||| |||| 00| 0 eng d | ||
| 040 | _cNUST | ||
| 082 |
_a891.491108 _bBED |
||
| 100 |
_aSofia Bedar _93898 |
||
| 245 |
_aBaba Farid sey Khawaja Farid tak: _bPunjabi zaban kay azeem sofi shuara kay muntakhib kalam ka urdu tarjuma/ _cby Sofia Bedar |
||
| 260 |
_aLahore: _bNastaleeq matboat, _c2009 |
||
| 300 | _a276 p. | ||
| 500 | _aPoetry | ||
| 546 | _aIn Punjabi | ||
| 650 |
_aPunjabi Literature _9992 |
||
| 880 |
_6100-01\(3\r _aصوفیہ بیدار |
||
| 880 |
_6245-02\(3\r _aبابا فرید سے خواجہ فرید تک: _bپنجابی زبان کے عظیم صوفی شعرا کے منتخب کلام اردو ترجمہ _cصوفیہ بیدار |
||
| 880 |
_6260-03\(3\r _aلاہور: _bنستعلیق مطبوعات، _c2009 |
||
| 942 |
_2ddc _cBK |
||